000 00241nam a2200109 a 4500
008 101210s1953|||| d
245 1 0 _aŽdanov o umení
260 _bVPL
_aBratislava
_c1953
020 _c10
041 _aslo
044 _axo
_cSK
999 _c15112
_d15112